00890nam a2200157 a 4500008004100000020001800041041000800059100002000067245002800087250001100115260004000126300002200166500007000188505046300258655001100721161215t2013 ag |||g |||| 00| f spa d a9789500744492 aspa1 aAllende, Isabel aPaula /cIsabel Allende a1a ed. aBuenos Aires:bSudamericana;c2013. a368 p.c19x13 cm. aAllende, I. (2013). Paula. (1a ed.). Buenos Aires : Sudamericana. aPaula es el libro más conmovedor, más personal y más íntimo de Isabel Allende. Junto al lecho en que agonizaba su hija Paula, la gran narradora chilena escribió la historia de su familia y de si misma con el propósito de regalársela a Paula cuando ésta superara el dramático trance. El resultado se convirtió en un autorretrato de insólita emotividad y en una exquisita recreación de la sensibilidad de las mujeres de nuestra época. aNovela